| 000 -LEADER |
| fixed length control field |
00953nam a2200241Ia 4500 |
| 001 - CONTROL NUMBER |
| control field |
19374 |
| 003 - CONTROL NUMBER IDENTIFIER |
| control field |
GE_BSU |
| 008 - FIXED-LENGTH DATA ELEMENTS--GENERAL INFORMATION |
| fixed length control field |
181216s||||||||xx |||||||||||||| ||und|| |
| 020 ## - INTERNATIONAL STANDARD BOOK NUMBER |
| International Standard Book Number |
5-94559-009-6 |
| 040 ## - CATALOGING SOURCE |
| Transcribing agency |
GE_BSU |
| 080 ## - UNIVERSAL DECIMAL CLASSIFICATION NUMBER |
| Universal Decimal Classification number |
007 |
| 100 ## - MAIN ENTRY--PERSONAL NAME |
| Personal name |
Чоговадзе, Гоча |
| 245 ## - TITLE STATEMENT |
| Title |
Информация, общество, человек |
| 245 ## - TITLE STATEMENT |
| Statement of responsibility, etc. |
Ред:И.Е.Новикова |
| 260 ## - PUBLICATION, DISTRIBUTION, ETC. |
| Place of publication, distribution, etc. |
Москва |
| 260 ## - PUBLICATION, DISTRIBUTION, ETC. |
| Name of publisher, distributor, etc. |
ООО Дата |
| 260 ## - PUBLICATION, DISTRIBUTION, ETC. |
| Date of publication, distribution, etc. |
2003 |
| 300 ## - PHYSICAL DESCRIPTION |
| Extent |
320стр,22см |
| 653 ## - INDEX TERM--UNCONTROLLED |
| Uncontrolled term |
В книге исследуется влияние современных информационных технологий на события и процессы, происходящие в обществе. Целью анализа |
| 653 ## - INDEX TERM--UNCONTROLLED |
| Uncontrolled term |
Информация, общество, человек |
| 653 ## - INDEX TERM--UNCONTROLLED |
| Uncontrolled term |
საინფორმაციო საზოგადოება, ადამიანი. |
| 942 ## - ADDED ENTRY ELEMENTS (KOHA) |
| Koha item type |
წიგნი |